000
00362nam a2200157 a 4500
008
190603s |||| d
100
1
_a
Brown Simon
245
1
0
_a
Feng-Shui od A-Z
_b
Sťastie ,Stratení,Ako zbohatnúť
260
_b
Metafora
_a
Praha
041
_a
cez
044
_a
CZ
250
_a
1.vydanie
020
_c
0
958
_a
AZN
958
_a
A
999
_c
20773
_d
20773